| 000 | 00531cab a2200193 4500 | ||
|---|---|---|---|
| 001 | A170 | ||
| 008 | 090401t1984 xxu||||| |||| 00| 0 eng d | ||
| 035 | _a(Sirsi) u27425 | ||
| 041 | _aeng | ||
| 100 | _aWheatcroft, Patience | ||
| 245 | _aJeffrey Sterling: into uncharted seas | ||
| 260 | _c1984 | ||
| 350 | _a0 | ||
| 490 |
_aChartered Surveyor Weekly _v6(11) 15 March 1984, 713(1) |
||
| 520 | _aA profile of Jeffrey Sterling, chairman of P&O. | ||
| 690 | _aPROPERTY-COMMERCIAL PROPERTY | ||
| 942 | _n0 | ||
| 948 | _c04/03/1997 | ||
| 999 |
_c18456 _d18456 |
||